000 00847nam a2200181 i 4500
001 105763
003 ES-MaACL
005 20230906183952.0
007 t|
008 021203s1914 sp ||||1| spa d
100 1 _aAlonso Martínez, Vicente.
_920358
245 1 0 _aMemoria reglamentaria correspondiente al curso académico de 1912-13 /
_cVicente Alonso Martínez y Martín, Marqués de Alonso Martínez.
260 _aMadrid :
_b[s.n.],
_c1914 (
_fEst. Tip. Sucesores de Rivadeneira)
300 _a39 p. :
_bil. ;
_c24 cm.
500 _aPrecede al tít.:Ministerio de Fomento. Dirección General de Agricultura, Minas y Montes. Instituto Agrícola de Alfonso XII. Escuela Especial de Ingenieros Agrónomos.
710 2 _aInstituto Agrícola de Alfonso XII.
_bEscuela especial de Ingenieros Agrónomos.
_94788
852 _aES-MaACL
_jT-1436-F-3
999 _c105763
_d105763